| 000 | 00652nam a22002057a 4500 | ||
|---|---|---|---|
| 999 |
_c15231 _d15231 |
||
| 003 | AR-CdUCM | ||
| 008 | 190426b ||||| |||| 00| 0 spa d | ||
| 040 |
_aMUNICIPALIDAD PROVINCIAL DEL CUSCO _cBIBLIOTECA MUNICIPAL DEL CUSCO |
||
| 082 |
_aES / 808 / _bX53 |
||
| 100 |
_aXue, Chen _934271 |
||
| 245 | _aDisturbios en la montaƱa viento negro / | ||
| 260 |
_aBeijing : _bEdiciones en lenguas extranjeras, _c1984. |
||
| 300 |
_bIlustraciones, graficos, dinujo _c26 cm. |
||
| 500 | _aCuentos e historias | ||
| 650 |
_aCuentos _9312 |
||
| 650 |
_aHistorias _92725 |
||
| 700 |
_aJikun, Liu _934272 |
||
| 942 |
_2ddc _cLIBROS |
||
| 945 |
_apjha _d2019-04-26 |
||